| 000 | 01157nam a2200349 c 4500 | ||
|---|---|---|---|
| 001 | 58868 | ||
| 003 | CO-BoRNBP | ||
| 005 | 20250828195812.0 | ||
| 007 | ta | ||
| 008 | 180109s2009 ck ao br 000 0 spa d | ||
| 020 | _a9589798152 | ||
| 020 | _a9789589798157 | ||
| 040 |
_aCO-BoRNBP _bspa _erda _cCO-BoRNBP |
||
| 041 | 0 | _aspa | |
| 082 | 0 | 4 |
_a595.76 _bU73p _223 |
| 100 |
_aUribe Hurtado, Cristina, _d1956- _eaut |
||
| 245 | 1 | 4 |
_aLos primeros aviadores / _cCristina Uribe Hurtado. |
| 250 | _aSegunda edición | ||
| 264 | 1 |
_aBogotá, Colombia : _bCristina Uribe Ediciones, _c2009 |
|
| 300 |
_a33 páginas : _bilustraciones y fotografías a color |
||
| 336 |
_atexto _btxt _2rdacontent |
||
| 337 |
_asin mediación _bn _2rdamedia |
||
| 338 |
_avolumen _bnc _2rdacarrier |
||
| 490 | 0 |
_aLibros educativos. _aQuién soy |
|
| 500 | _aIncluye glosario | ||
| 521 | 1 | _aRecomendado para un público infantil mayor de 8 años | |
| 650 | 0 | 7 |
_aColeópteros _xLibros y lectura _2lemb _964260 |
| 650 | 0 | 7 |
_aEscarabajos _2lemb _964261 |
| 650 | 0 | 7 |
_aInsectos _xHábitos y conducta _2LEMB _962159 |
| 650 | 0 | 7 |
_aLibros ilustrados para niños _2LEMB _92001 |
| 942 |
_2ddc _cBKINF |
||
| 999 |
_c58868 _d58868 |
||